000
00340nam a2200145Ia 4500
003
OSt
005
20240304100742.0
008
170524s9999 xx 000 0 und d
020
_a
978-9351425526
040
_c
IIMT UNIVERSITY
100
_a
Nair Sujar
245
0
_a
Consumer Behaviour Text & Cases
260
_a
Himalaya
942
_2
ddc
_c
01
999
_c
3118
_d
3118